[Event "Iberoamerican-ch 9th"]
[Site "Panama City"]
[Date "2023.11.27"]
[Round "4"]
[White "Acevedo Herrera, Jonathan Ricardo"]
[Black "Ramos Espinoza, Efren Andres"]
[Result "0-1"]
[WhiteElo "1596"]
[BlackElo "2170"]
[PlyCount "82"]
[EventDate "2023.11.25"]
[EventType "swiss"]
[EventRounds "9"]
[EventCountry "PAN"]
[SourceTitle "CB49_2023"]
[SourceDate "2023.12.06"]
[SourceVersion "1"]
[SourceVersionDate "2023.12.06"]
[SourceQuality "1"]

1. e4 c6 2. d4 d5 3. Nc3 dxe4 4. Nxe4 Nf6 5. Nxf6+ exf6 6. Be3 Bd6 7. Bd3 0-0 8. Ne2 Re8 9. Qd2 a5 10. 0-0 Bg4 11. Ng3 Qc7 12. f4 Be6 13. Nf5 Bxf5 14. Bxf5 g6 15. Bd3 f5 16. Rae1 Nd7 17. Re2 Nf6 18. g3 Re7 19. Rfe1 Rae8 20. Bf2 Ne4 21. Bxe4 Rxe4 22. Rxe4 fxe4 23. d5 Bb4 24. c3 Bf8 25. dxc6 Qxc6 26. Be3 Bc5 27. Kf2 Qb6 28. Bxc5 Qxc5+ 29. Qe3 Qd5 30. a3 f5 31. Re2 Rd8 32. g4 Qd3 33. Qb6 Qf3+ 34. Ke1 Qh1+ 35. Kf2 Qxh2+ 36. Ke1 Qh1+ 37. Kf2 Qh2+ 38. Ke1 Qh4+ 39. Kf1 Rd1+ 40. Kg2 Qh1+ 41. Kg3 Qf3+ 0-1

[Event "Panama op 4th"]
[Site "Panama City"]
[Date "2023.11.10"]
[Round "9"]
[White "Acevedo Herrera, Jonathan Ricardo"]
[Black "Castillo Beitia, Ashley Alexandra"]
[Result "0-1"]
[WhiteElo "1596"]
[BlackElo "1830"]
[PlyCount "68"]
[EventDate "2023.11.06"]
[EventType "swiss"]
[EventRounds "9"]
[EventCountry "PAN"]
[SourceTitle "CB46_2023"]
[SourceDate "2023.11.15"]
[SourceVersion "1"]
[SourceVersionDate "2023.11.15"]
[SourceQuality "1"]

1. e4 c5 2. Nf3 d6 3. d4 cxd4 4. Nxd4 Nf6 5. Bd3 Nc6 6. Be3 g6 7. h3 Bg7 8. c4 0-0 9. Nc3 e6 10. Rc1 Qe7 11. 0-0 Rd8 12. b3 Bd7 13. Re1 Nxd4 14. Bxd4 Bc6 15. f4 a5 16. Qc2 Qd7 17. Be3 Ne8 18. Ne2 Nc7 19. Nd4 Qe7 20. Nxc6 bxc6 21. Qd2 Rdb8 22. Rcd1 d5 23. cxd5 cxd5 24. Bc2 Nb5 25. e5 Qa3 26. Bb1 Bf8 27. Qd3 a4 28. Bc2 Qxa2 29. bxa4 Na3 30. Ra1 Qxc2 31. Rxa3 Qxd3 32. Rxd3 Rxa4 33. Bd4 Rxd4 34. Rxd4 Bc5 0-1

[Event "Panama op 4th"]
[Site "Panama City"]
[Date "2023.11.08"]
[Round "5"]
[White "Acevedo Herrera, Jonathan Ricardo"]
[Black "Quintero, Gabriel"]
[Result "1-0"]
[WhiteElo "1596"]
[BlackElo "1764"]
[PlyCount "109"]
[EventDate "2023.11.06"]
[EventType "swiss"]
[EventRounds "9"]
[EventCountry "PAN"]
[SourceTitle "CB46_2023"]
[SourceDate "2023.11.15"]
[SourceVersion "1"]
[SourceVersionDate "2023.11.15"]
[SourceQuality "1"]

1. e4 c6 2. d4 d5 3. Nc3 dxe4 4. Nxe4 Bf5 5. Ng3 Bg6 6. N1e2 Nf6 7. Nf4 e5 8. Nxg6 hxg6 9. dxe5 Qxd1+ 10. Kxd1 Ng4 11. Ne4 Nxe5 12. Bf4 Nbd7 13. c3 0-0-0 14. Kc2 f6 15. Be2 Be7 16. Rad1 g5 17. Be3 Kb8 18. f4 gxf4 19. Bxf4 g5 20. Bg3 f5 21. Nd6 f4 22. Bf2 Rhf8 23. h3 Kc7 24. Nc4 Nxc4 25. Bxc4 Ne5 26. Be2 a6 27. Rxd8 Rxd8 28. Rd1 Rxd1 29. Bxd1 c5 30. b3 b5 31. g3 Ng6 32. Kd3 Bd6 33. g4 Kd7 34. Ke4 Ke6 35. Be2 Ne5 36. h4 gxh4 37. Bxh4 Ng6 38. Bg5 Kf7 39. Bh6 Be5 40. g5 Bxc3 41. Bg4 Ke7 42. Kd5 Ne5 43. Be2 f3 44. Bf1 Ng4 45. Kc6 Ne3 46. Bh3 f2 47. g6 f1Q 48. Bxf1 Nxf1 49. Kxc5 Ng3 50. Kb6 b4 51. Kxa6 Nf5 52. Bg5+ Kd6 53. Kb5 Nd4+ 54. Kc4 Ne6 55. Bh6 1-0